MARC details
| 000 -LEADER |
| fixed length control field |
02389cam a2200421 i 4500 |
| 001 - CONTROL NUMBER |
| control field |
18217358 |
| 003 - CONTROL NUMBER IDENTIFIER |
| control field |
EG-ScBUE |
| 005 - DATE AND TIME OF LATEST TRANSACTION |
| control field |
20230515121023.0 |
| 008 - FIXED-LENGTH DATA ELEMENTS--GENERAL INFORMATION |
| fixed length control field |
140709t2014 nyua f bc 000 0 eng d |
| 020 ## - INTERNATIONAL STANDARD BOOK NUMBER |
| International Standard Book Number |
0870709127 |
| 020 ## - INTERNATIONAL STANDARD BOOK NUMBER |
| International Standard Book Number |
9780870709128 |
| 035 ## - SYSTEM CONTROL NUMBER |
| System control number |
(OCoLC)ocn879584542 |
| 040 ## - CATALOGING SOURCE |
| Original cataloging agency |
YDXCP |
| Language of cataloging |
eng |
| Description conventions |
rda |
| Transcribing agency |
YDXCP |
| Modifying agency |
BTCTA |
| -- |
BDX |
| -- |
OCLCQ |
| -- |
UKMGB |
| -- |
ERASA |
| -- |
MMX |
| -- |
OCLCO |
| -- |
CIA |
| -- |
OCLCQ |
| -- |
DEBSZ |
| -- |
OCLCF |
| -- |
UPP |
| -- |
JPG |
| -- |
ZCU |
| -- |
ZLM |
| -- |
OSU |
| -- |
COO |
| -- |
ORU |
| -- |
UBY |
| -- |
OCL |
| -- |
EEM |
| -- |
ORZ |
| -- |
GBVCP |
| -- |
S3O |
| -- |
DLC |
| -- |
EG-ScBUE |
| 082 00 - DEWEY DECIMAL CLASSIFICATION NUMBER |
| Classification number |
759.07 |
| Edition number |
22 |
| Item number |
HOP |
| 100 1# - MAIN ENTRY--PERSONAL NAME |
| Personal name |
Hoptman, Laura J., |
| Dates associated with a name |
1962- |
| Relator term |
author. |
| 245 14 - TITLE STATEMENT |
| Title |
The Forever now : |
| Remainder of title |
contemporary painting in an atemporal world / |
| Statement of responsibility, etc |
Laura Hoptman. |
| 246 30 - VARYING FORM OF TITLE |
| Title proper/short title |
Contemporary painting in an atemporal world |
| 264 #1 - PUBLICATION, DISTRIBUTION, ETC. (IMPRINT) |
| Place of publication, distribution, etc |
New York : |
| Name of publisher, distributor, etc |
The Museum of Modern Art, |
| Date of publication, distribution, etc |
[2014] |
| 264 #4 - PUBLICATION, DISTRIBUTION, ETC. (IMPRINT) |
| Date of publication, distribution, etc |
©2014 |
| 300 ## - PHYSICAL DESCRIPTION |
| Extent |
184 pages : |
| Other physical details |
color illustrations ; |
| Dimensions |
31 cm |
| 336 ## - CONTENT TYPE |
| Content type term |
text |
| Content type code |
txt |
| Source |
rdacontent |
| 336 ## - CONTENT TYPE |
| Content type term |
still image |
| Content type code |
sti |
| Source |
rdacontent |
| 337 ## - MEDIA TYPE |
| Media type term |
unmediated |
| Media type code |
n |
| Source |
rdamedia |
| 338 ## - CARRIER TYPE |
| Carrier type term |
volume |
| Carrier type code |
nc |
| Source |
rdacarrier |
| 500 ## - GENERAL NOTE |
| General note |
Catalog of an exhibition held December 14, 2014-April 5, 2015. |
| 500 ## - GENERAL NOTE |
| General note |
"In visual art, atemporailty manifests itself as a kind of art-making that is inspired by, refers to, or avails itself of styles, subjects, motifs, materials, strategies, and ideas from an array of periods on the art-historical timeline."--Page 14. |
| 504 ## - BIBLIOGRAPHY, ETC. NOTE |
| Bibliography, etc |
Includes bibliographical references. |
| 505 0# - FORMATTED CONTENTS NOTE |
| Formatted contents note |
The forever now: contemporary painting in an atemporal world -- Artists' pages / texts by Margaret Ewing. Richard Aldrich ; Joe Bradley ; Kerstin Brätsch ; Matt Connors ; Michaela Eichwald ; Nicole Eisenman ; Mark Grotjahn ; Charline von Heyl ; Rashid Johnson ; Julie Mehretu ; Dianna Molzan ; Oscar Murillo ; Laura Owens ; Amy Sillman ; Josh Smith ; Mary Weatherford ; Michael Williams -- Catalogue of the exhibition -- Selected exhibition histories and bibliographies / compiled by Kimia Shahi. |
| 650 #7 - SUBJECT ADDED ENTRY--TOPICAL TERM |
| Topical term or geographic name as entry element |
Painting, Modern |
| Chronological subdivision |
21st century |
| Form subdivision |
Exhibitions. |
| Source of heading or term |
BUEsh |
| 650 #7 - SUBJECT ADDED ENTRY--TOPICAL TERM |
| Topical term or geographic name as entry element |
Contemporary, The |
| Form subdivision |
Exhibitions. |
| Source of heading or term |
BUEsh |
| 650 #7 - SUBJECT ADDED ENTRY--TOPICAL TERM |
| Topical term or geographic name as entry element |
Contemporary, The, in art |
| Form subdivision |
Exhibitions. |
| Source of heading or term |
BUEsh |
| 653 ## - INDEX TERM--UNCONTROLLED |
| Resource For college |
Arts and Design |
| Arrived date list |
May2023 |
| 655 ## - INDEX TERM--GENRE/FORM |
| Form subdivision |
Reading book |
| 710 2# - ADDED ENTRY--CORPORATE NAME |
| Corporate name or jurisdiction name as entry element |
Museum of Modern Art (New York, N.Y.), |
| Relator term |
host institution. |
| 906 ## - LOCAL DATA ELEMENT F, LDF (RLIN) |
| a |
7 |
| b |
cbc |
| c |
pccadap |
| d |
2 |
| e |
epcn |
| f |
20 |
| g |
y-gencatlg |
| 942 ## - ADDED ENTRY ELEMENTS (KOHA) |
| Source of classification or shelving scheme |
Dewey Decimal Classification |
| Koha item type |
Book - Borrowing |